Find the Six Word Movie Titles Quiz Stats

 Plays Quiz Updated Jun 5, 2016

Challenge
Share
Tweet
Score 0/126 Timer 08:00
0 Plays Today
Word Movie (Initials) % Correct
HarryHPATSS
95.6%
StoneHPATSS
95.6%
PotterHPATSS
95.6%
AndHPATSS
95.6%
TheHPATSS
95.6%
Sorcerer's HPATSS
95.6%
10TTIHAY
91.8%
ThingsTTIHAY
91.8%
ITTIHAY
91.8%
HateTTIHAY
91.8%
AboutTTIHAY
91.8%
YouTTIHAY
91.8%
CloseCEOTTK
84.3%
EncountersCEOTTK
84.3%
OfCEOTTK
84.3%
TheCEOTTK
84.3%
ThirdCEOTTK
84.3%
KindCEOTTK
84.3%
EternalESOTSM
81%
SunshineESOTSM
81%
OfESOTSM
81%
MindESOTSM
81%
TheESOTSM
81%
SpotlessESOTSM
81%
ConfessionsCOATDQ
79.7%
OfCOATDQ
79.7%
ACOATDQ
79.7%
TeenageCOATDQ
79.7%
QueenCOATDQ
79.7%
DramaCOATDQ
79.7%
FearFALILV
74.8%
AndFALILV
74.8%
LoathingFALILV
74.8%
InFALILV
74.8%
LasFALILV
74.8%
VegasFALILV
74.8%
AllAQOTWF
65.6%
QuietAQOTWF
65.6%
OnAQOTWF
65.6%
TheAQOTWF
65.6%
WesternAQOTWF
65.6%
FrontAQOTWF
65.6%
Word Movie (Initials) % Correct
He'sHJNTIY
63.1%
JustHJNTIY
63.1%
NotHJNTIY
63.1%
ThatHJNTIY
63.1%
IntoHJNTIY
63.1%
YouHJNTIY
63.1%
TheTDTESS
63%
The TDTESS
63%
StoodTDTESS
63%
EarthTDTESS
63%
StillTDTESS
63%
DayTDTESS
63%
TheTTACAD
62.1%
TruthTTACAD
62.1%
About TTACAD
62.1%
CatsTTACAD
62.1%
DogsTTACAD
62.1%
AndTTACAD
62.1%
TheTHTRTC
53.2%
HandTHTRTC
53.2%
ThatTHTRTC
53.2%
RocksTHTRTC
53.2%
TheTHTRTC
53.2%
CradleTHTRTC
53.2%
TexasTBLWIT
53.1%
TheTBLWIT
53.1%
BestTBLWIT
53.1%
LittleTBLWIT
53.1%
WhorehouseTBLWIT
53.1%
InTBLWIT
53.1%
BridgetBJTEOR
53%
JonesBJTEOR
53%
TheBJTEOR
53%
EdgeBJTEOR
53%
OfBJTEOR
53%
ReasonBJTEOR
53%
TheTMWKTM
43.5%
ManTMWKTM
43.5%
WhoTMWKTM
43.5%
KnewTMWKTM
43.5%
MuchTMWKTM
43.5%
TooTMWKTM
43.4%
Word Movie (Initials) % Correct
InITHOTN
41.2%
TheITHOTN
41.2%
HeatITHOTN
41.2%
OfITHOTN
41.2%
TheITHOTN
41.2%
NightITHOTN
41.2%
StopSOMMWS
36.7%
OrSOMMWS
36.7%
MySOMMWS
36.7%
ShootSOMMWS
36.7%
WillSOMMWS
36.7%
MomSOMMWS
36.7%
YouYCTIWY
30.3%
Can'tYCTIWY
30.3%
TakeYCTIWY
30.3%
ItYCTIWY
30.3%
WithYCTIWY
30.3%
YouYCTIWY
30.3%
TheTMWFTE
28.1%
ManTMWFTE
28.1%
WhoTMWFTE
28.1%
FellTMWFTE
28.1%
EarthTMWFTE
28.1%
ToTMWFTE
28.1%
HenryHPOASK
23.6%
PortraitHPOASK
23.6%
OfHPOASK
23.6%
SerialHPOASK
23.6%
AHPOASK
23.6%
KillerHPOASK
23.6%
PerfumePTSOAM
21%
StoryPTSOAM
21%
ThePTSOAM
21%
OfPTSOAM
21%
APTSOAM
21%
MurdererPTSOAM
21%
IICNBYW
20.6%
CouldICNBYW
20.6%
NeverICNBYW
20.6%
YourICNBYW
20.6%
WomanICNBYW
20.6%
BeICNBYW
20.6%

You're not logged in!

Compare scores with friends on all Sporcle quizzes.
OR
Log In

You Might Also Like...

Show Comments

Extras

Top Quizzes Today


Score Distribution

Your Account Isn't Verified!

In order to create a playlist on Sporcle, you need to verify the email address you used during registration. Go to your Sporcle Settings to finish the process.

Report this User

Report this user for behavior that violates our Community Guidelines.

Details: